Straty demograficzne i zniszczenia gospodarcze w Małopolsce w połowie XVII wieku

Titel: Straty demograficzne i zniszczenia gospodarcze w Małopolsce w połowie XVII wieku : Problemy badawcze
Verfasser:
In: Rzeczpospolita w latach potopu, (1996), Seite 275-288
alle Artikel anzeigen
Veröffentlicht: 1996
Format: Aufsatz
Sprache: Polnisch
Kein Bild verfügbar
X
alg: 39254076
001A    $01999:11-11-16 
001B    $01999:28-04-17 $t15:04:23.000 
001D    $01999:11-11-16 
001U    $0utf8 
001X    $00 
002@    $0Aox 
003@    $0392540762 
007A    $0392540762 $aHEB 
007T    $0Herdc0066585h 
010@    $apol 
011@    $a1996 
021A    $aStraty demograficzne i zniszczenia gospodarcze w Małopolsce w połowie XVII wieku $dProblemy badawcze 
028A    $aMuszyńska $dJ. 
031A    $h275-288 $j1996 
039B    $aIn $8--Aau--. Rzeczpospolita w latach potopu. - Wyd. 1. - Kielce, 1996. - ISBN 83-7133-056-1 $x199600000000000725 $9058941207 

lok: 39254076 78

exp: 39254076 78 1 #EPN
201B/01 $007-09-18 $t23:57:49.000 
201U/01 $0utf8 
203@/01 $0788638742 
208@/01 $a11-11-16 $be 
209A/01 $a/ $f000 $x00 
220C/01 $aTitelaufnehmer: ej 
220C/01 $aAnmerkung: *ng 
244Z/01 $2Trx $#Poola $#Lenkija $#Polija $#Polen Land $#Poland $#Lengyelország $#Poľsko $#Polsko $8--Trx--Polska$gkraj $x01 $9391345966 
244Z/01 $#Kleinpolen $#Małopolska $#Polonia Minor $74098501-5 $8--Tg1--Kleinpolen $x02 $9085277975 
244Z/01 $aGeschichte 1655-1660 $x03 
244Z/01 $2Trx $#sõjaohvrid $#karo aukos $#Victims of war $#háborús áldozatok $#ofiary wojenne $#obete vojnové $#oběti válečné $8--Trx--Kriegsopfer $x04 $9391368559 
244Z/01 $2Trx $#sõjakahjud $#karo griuvėsiai $#War damages $#háborús károk $#straty wojenne $#vojnové škody $#škody válečné $#zniszczenia wojenne $8--Trx--Kriegsschäden $x05 $9391359150 
244Z/01 $2Trx $#sõda, poola-rootsi-taani 1655-1660 $#Švedijos, Lenkijos ir Danijos karas? $#War, Swedish-Polish-Danish 1655-1660 $#háború, lengyel-svéd-dán 1655-1660 $#wojna polsko-szwedzko-duńska 1655-1660 $#vojna švédsko-poľsko-dánska 1655-1660 $#válka polsko-švédsko-dánská 1655-1660 $#Švedų tvanas $#Krieg, Erster Nordischer 1655-1660 $#Krieg, Nordischer $#háború, első északi 1655-1660 $#háború, északi $#potop szwedzki $#vojna nórska 1655-1660 $#válka severní 1655-1660 $8--Trx--Krieg, schwedisch-polnisch-dänischer$g1655-1660 $x06 $9391371231 
244Z/01 $2Trx $8--Trx--Einzelbeiträge $x07 $9391384570 
247C/01 $82080>Marburg/Lahn, Herder-Institut, Forschungsbibliothek, Bibliographieportal $9336309341
LEADER 00000caa a22000002c 4500
001 392540762
003 DE-603
005 20170428150423.0
007 tu
008 161111s1996 xx |||| | u00||u|pol c
035 |a (DE-599)HEB392540762 
040 |a DE-603  |b ger  |c DE-603  |d DE-603 
041 |a pol 
100 1 |a Muszyńska, J. 
245 0 0 |a Straty demograficzne i zniszczenia gospodarcze w Małopolsce w połowie XVII wieku  |b Problemy badawcze 
264 0 |c 1996 
773 0 8 |i In  |t Rzeczpospolita w latach potopu  |b Wyd. 1  |d Kielce, 1996  |z 8371330561  |g (1996), Seite 275-288  |w (DE-603)058941207 
924 0 |9 2080  |a (DE-603)788638742  |b DE-2080  |c HES  |d d  |g /